Statistics for Top 15 Celebrities Born In 1961

Click here to take the quiz!

General Stats

  • This quiz has been taken 134 times
    (89 since last reset)
  • The average score is 7 of 15

Answer Stats

Answer% Correct
Barack Obama
99%
Princess Diana
97%
George Clooney
83%
Eddie Murphy
73%
Woody Harrelson
62%
Michael J. Fox
55%
Boy George
49%
Susan Boyle
41%
Billy Ray Cyrus
35%
Ralph Macchio
31%
Carole Baskin
17%
Lea Thompson
15%
Bonnie Hunt
11%
Toby Keith
11%
Wayne Gretzky
10%

Score Distribution

Percentile by Number Answered

Percent of People with Each Score

Your Score History

You have not taken this quiz since the last reset